Commercial property (Record no. 115320)

MARC details
000 -LEADER
fixed length control field 00891cam a22002295a 4500
001 - CONTROL NUMBER
control field L158458
008 - FIXED-LENGTH DATA ELEMENTS--GENERAL INFORMATION
fixed length control field 150309s2015 xxk f 000 0 eng d
020 ## - INTERNATIONAL STANDARD BOOK NUMBER
International Standard Book Number 9781910661178
035 ## - SYSTEM CONTROL NUMBER
System control number (Sirsi) u158458
041 0# - LANGUAGE CODE
Language code of text/sound track or separate title eng
100 1# - MAIN ENTRY--PERSONAL NAME
Personal name Rodell, Anne
245 00 - TITLE STATEMENT
Title Commercial property
Medium [electronic resource]
260 ## - PUBLICATION, DISTRIBUTION, ETC.
Place of publication, distribution, etc. London
Name of publisher, distributor, etc. College of Law
Date of publication, distribution, etc. 2015
300 ## - PHYSICAL DESCRIPTION
Extent eBook
520 ## - SUMMARY, ETC.
Summary, etc. Provides a comprehensive introduction to commercial property law. Part 1 deals with aspects of site acquisition including raising finance, contractural matters, planning, environment and taxation. Part 2 focuses on commercial leases Part 3 on insolvency issues.
590 ## - LOCAL NOTE (RLIN)
Local note KA
650 24 - SUBJECT ADDED ENTRY--TOPICAL TERM
Topical term or geographic name entry element EBOOK
651 #4 - SUBJECT ADDED ENTRY--GEOGRAPHIC NAME
Geographic name ENGLAND AND WALES
690 ## - LOCAL SUBJECT ADDED ENTRY--TOPICAL TERM (OCLC, RLIN)
Topical term or geographic name as entry element Commercial property
9 (RLIN) 6227
856 40 - ELECTRONIC LOCATION AND ACCESS
Uniform Resource Identifier <a href="https://www.vlebooks.com/">https://www.vlebooks.com/</a>
Public note View on VLEbooks. Logins for members only from [email protected]
942 ## - ADDED ENTRY ELEMENTS (KOHA)
Suppress in OPAC 0
Holdings
Withdrawn status Lost status Source of classification or shelving scheme Damaged status Not for loan Home library Current library Shelving location Date acquired Total Checkouts Full call number Barcode Date last seen Copy number Price effective from Koha item type
    Dewey Decimal Classification     Virtual Virtual Online 09/03/2015   ONLINE PUBLICATION 158458-2001 06/08/2019 1 06/08/2019 Book